Cranial Nerves - Statistics

General Stats
  • This quiz has been taken 220 times
    209 since last reset
  • The average score is 11 of 15
Answer Stats
Hint Answer % Correct
CN I Olfactory n.
100%
CN II Optic n.
98%
CN III Oculomotor n.
85%
CN X Vagus n.
85%
CN IV Trochlear n.
83%
CN V Trigeminal n.
81%
CN VII Facial n.
77%
CN XII Hypoglossal n.
77%
CN XI Accessory n.
75%
CN VI Abducens n.
73%
CN IX Glossopharyngeal n.
71%
CN VIII Vestibulocochlear n.
67%
CN V3 Mandibular n.
40%
CN V2 Maxillary n.
38%
CN V1 Ophthalmic n.
23%
No matching quizzes found
Score Distribution
Percent of People with Each Score
Percentile by Number Answered
Your Score History
You have not taken this quiz since the last reset